Online
Catalog

La financiación del desarrollo latinoamericano y las transformaciones de la economía mundial : (Record no. 876)

MARC details
000 -CABECERA
campo de control de longitud fija 01074cam a22002295a 4500
001 - NÚMERO DE CONTROL
campo de control 000000881
005 - FECHA Y HORA DE LA ÚLTIMA TRANSACCIÓN
campo de control 20200929145431.0
008 - DATOS DE LONGITUD FIJA--INFORMACIÓN GENERAL
campo de control de longitud fija 000513s1992 pe b 000 0 spa d
010 ## - NÚMERO DE CONTROL DE LA BIBLIOTECA DEL CONGRESO
Número de control de LC 00315195
035 ## - NÚMERO DE CONTROL DEL SISTEMA
Número de control de sistema (OCoLC)ocm33001016
040 ## - FUENTE DE LA CATALOGACIÓN
Centro catalogador/agencia de origen DO-SdBNP
Centro/agencia transcriptor DLC
043 ## - CÓDIGO DE ÁREA GEOGRÁFICA
Código de área geográfica s-ck---
110 2# - ENTRADA PRINCIPAL--NOMBRE DE ENTIDAD CORPORATIVA
Nombre de entidad corporativa o nombre de jurisdicción como elemento de entrada Asociación Latinoamericana de Instituciones Financieras de Desarrollo.
Unidad subordinada Asamblea General.
-- Reunión Ordinaria
Número del congreso/reunión o número de parte o sección (22nd :
Fecha del congreso/reunión o de la firma de un tratado 1992 :
Sede del congreso/Lugar de la reunión Madrid, Spain)
9 (RLIN) 3120
245 13 - MENCIÓN DE TÍTULO
Título La financiación del desarrollo latinoamericano y las transformaciones de la economía mundial :
Resto del título anales de la vigésima segunda Reunión Ordinaria de la Asamblea General de ALIDE : Madrid, España, 2-5 junio 1992.
260 ## - PUBLICACIÓN, DISTRIBUCIÓN, ETC.
Lugar de publicación, distribución, etc. [Lima, Perú] :
Nombre del editor, distribuidor, etc. ALIDE,
Fecha de publicación, distribución, etc. [1992?].
300 ## - DESCRIPCIÓN FÍSICA
Extensión 570 p. ;
Dimensiones 22 cm.
710 2# - PUNTO DE ACCESO ADICIONAL--NOMBRE DE ENTIDAD CORPORATIVA
Nombre de entidad corporativa o nombre de jurisdicción como elemento de entrada Asociación Latinoamericana de Instituciones Financieras de Desarrollo.
9 (RLIN) 3121
910 ## - DATOS DE OPCIÓN DEL USUARIO (OCLC)
Datos de opción del usuario CXP LC
906 ## - ELEMENTOS DE DATOS F LOCAL, LDF (RLIN)
a 0
b ibc
c orignew
d 2
e ncip
f 20
g y-gencatlg
925 0# -
-- acquire
-- 1 shelf copy
-- policy default
Holdings
Estado de retiro Estado de pérdida Restricciones de uso No para préstamo Código de colección Localización permanente Ubicación/localización actual Ubicación en estantería Fecha de adquisición Número de inventario Total de préstamos Signatura topográfica completa Código de barras Fecha visto por última vez Precio válido a partir de Tipo de ítem Koha
    Préstamo interno Préstamo en sala Dominicana de Servicio Biblioteca Nacional Pedro Henríquez Ureña Biblioteca Nacional Pedro Henríquez Ureña Depósito 22.09.2009 LF1   881-10 25.06.2020 25.06.2020 Libros y folletos

Powered by Koha